000 00446cam a2200181ua 4500
001 10514
008 190312n ii |||gr||||Z||||||eng
020 _a8176565547
040 _cMAIN
082 _a005
100 _aYashavant P Kanetkar,
_eAuthor.
245 _aTest your c++ skills
250 _a1st rep.
260 _aNew Delhi:
_bBPB Publication,
_c2010.
300 _a389p.
653 _aComputer programming, programs & data
942 _cBK
999 _c9497
_d9497